000 00676nam a2200241Ia 4500
003 OSt
005 20241019120839.0
008 210329s9999||||xx |||||||||||||| ||und||
040 _cSTCPL
041 _aMAL
082 _a920.71
_bTHI-A
100 _a Thikkodiyan
_qതിക്കോടിയൻ
245 0 _aArangukanatha nadan /
_cby Thikkodiyan
_hഅരങ്ങുകാണാത്ത നടന്‍
260 _aThrissur :
_b Current Books ,
_c1991 .
300 _a395 p.
_bPB
650 _aMalayalam literature
650 _aAutobiography
650 _aLife story
650 _a Indian playwright
650 _aNovelist
942 _cBK
942 _2ddc
999 _c42208
_d42208